=LDR 00000nam 2200000 4500 =001 INLIS000000000007110 =005 20251121081952 =035 ##$$a 0010-1125000984 =007 ta =008 251121###########################0#ind## =082 ##$$a 331.4 =084 ##$$a 331.4 TEM k =100 #$$a Temu Karya Nasional =245 1#$$a Kerangka Acuan Temu Karya Nasional Pemantapan Dan Pengembangan Kebijaksanaan Dan Langkah Langkah Peningkatan Tenaga Kerja Wanita /$c Badan Koordinasi Keluarga Berencana Nasional =260 ##$:$b Badan Koordinasi Keluarga Berencana Nasional =300 ##$$a 25 Hal : $b Ilus ; $c 21 =650 #4$$a Keluarga Berencana =856 ##$$a Perpustakaan Kemendukbangga